000 00301nam a2200121Ia 4500
005 20260328104248.0
008 260328s9999||||xx |||||||||||||| ||und||
100 _aInteractiva
245 0 _aLos Teatros del Mundo /
_cInteractiva
260 _bBiblioteca interactiva
650 _aHISTORIA
942 _cBK
999 _c10159
_d10159